Advanced educational work within a government bureau. (Record no. 20291)

MARC details
000 -LEADER
fixed length control field 00841cam a22002531 4500
001 - CONTROL NUMBER
control field e 19000166
003 - CONTROL NUMBER IDENTIFIER
control field DLC
005 - DATE AND TIME OF LATEST TRANSACTION
control field 20260227111210.0
008 - FIXED-LENGTH DATA ELEMENTS--GENERAL INFORMATION
fixed length control field 960611s1919 dcu 000 0 eng c
010 ## - LIBRARY OF CONGRESS CONTROL NUMBER
LC control number e 19000166
035 ## - SYSTEM CONTROL NUMBER
System control number (OCoLC)34911999
040 ## - CATALOGING SOURCE
Original cataloging agency U.S. Bur. of Education
Transcribing agency MoU
Modifying agency DLC
042 ## - AUTHENTICATION CODE
Authentication code premarc
050 00 - LIBRARY OF CONGRESS CALL NUMBER
Classification number LA226
Item number .U6
051 ## - LIBRARY OF CONGRESS COPY, ISSUE, OFFPRINT STATEMENT
Classification number QC100
Item number .U58 1919
Copy information Copy 3.
100 1# - MAIN ENTRY--PERSONAL NAME
Personal name Agnew, Paul Gough,
Dates associated with a name 1881-
245 10 - TITLE STATEMENT
Title Advanced educational work within a government bureau.
Statement of responsibility, etc. By P.G. Agnew ...
260 ## - PUBLICATION, DISTRIBUTION, ETC.
Place of publication, distribution, etc. [Washington,
Name of publisher, distributor, etc. Govt. Print. Off.,
Date of publication, distribution, etc. 1919]
300 ## - PHYSICAL DESCRIPTION
Extent 7 p.
Dimensions 23 cm.
490 0# - SERIES STATEMENT
Series statement United States. Bureau of Education. Higher education circular
Volume/sequential designation no. 14, February, 1919
500 ## - GENERAL NOTE
General note Caption title.
500 ## - GENERAL NOTE
General note At head of title: ... Department of the interior ...
650 #0 - SUBJECT ADDED ENTRY--TOPICAL TERM
Topical term or geographic name entry element Education
Geographic subdivision United States.

No items available.

Powered by Koha